Francis Bacon and the project of progress (Record no. 589388)

MARC details
000 -LEADER
fixed length control field 00694nam a2200241Ia 4500
003 - CONTROL NUMBER IDENTIFIER
control field OSt
005 - DATE AND TIME OF LATEST TRANSACTION
control field 20220925231745.0
008 - FIXED-LENGTH DATA ELEMENTS--GENERAL INFORMATION
fixed length control field 220923b |||||||| |||| 00| 0 eng d
037 ## - SOURCE OF ACQUISITION
Terms of availability General Book
040 ## - CATALOGING SOURCE
Original cataloging agency RTL
Transcribing agency RTL
Language of cataloging eng
041 ## - LANGUAGE CODE
Source of code eng
Language code of text/sound track or separate title eng
100 ## - MAIN ENTRY--PERSONAL NAME
Personal name Faulkner Robert K
9 (RLIN) 296074
245 #0 - TITLE STATEMENT
Title Francis Bacon and the project of progress
260 ## - PUBLICATION, DISTRIBUTION, ETC.
Place of publication, distribution, etc. Maryland
Name of publisher, distributor, etc. Rowman and Littlefield
Date of publication, distribution, etc. 1993
300 ## - PHYSICAL DESCRIPTION
Extent ix, 308p
Dimensions cm.
500 ## - GENERAL NOTE
General note Appendix p.283-93
650 ## - SUBJECT ADDED ENTRY--TOPICAL TERM
Topical term or geographic name entry element Philosophy-Francis Bacon
9 (RLIN) 249453
942 ## - ADDED ENTRY ELEMENTS (KOHA)
Classification part RxJ61:g, N3
Koha item type General Books
Source of classification or shelving scheme Colon Classification (CC)
Holdings
Withdrawn status Lost status Damaged status Not for loan Home library Current library Date acquired Total Checkouts Full call number Barcode Date last seen Price effective from Koha item type
        Ratan Tata Library Ratan Tata Library 2022-09-25   RxJ61:g N3 RT1134295 2022-09-25 2022-09-25 General Books
Copyright @ Delhi University Library System